Filozof a vedec so srdcom umelca (k 100.výročiu úmrtia Williama Jamesa)

Zhodnocoavanie diela Williama Jamesa v troch oblastiach: filozofia a psychológia, moderná vedecká disciplína a teoretická religionistika. Životné poslanie, práca a skúsenosti W, Jamesa ako filozofa a vedca.

Salvato in:
Dettagli Bibliografici
Autore principale: Višňovský, Emil
Natura: Capitolo di libro
Lingua:slovacco
Soggetti:
Tags: Aggiungi Tag
Nessun Tag, puoi essere il primo ad aggiungerne!!

MARC

LEADER 00000naa$a2200000$$$4500
001 0114311
005 20240312092132.9
041 0 |a slo 
044 |a SK 
245 1 0 |a Filozof a vedec so srdcom umelca  |b (k 100.výročiu úmrtia Williama Jamesa)  |c Emil Višňovský 
520 |a Zhodnocoavanie diela Williama Jamesa v troch oblastiach: filozofia a psychológia, moderná vedecká disciplína a teoretická religionistika. Životné poslanie, práca a skúsenosti W, Jamesa ako filozofa a vedca. 
610 2 0 |a filozofia 
610 2 0 |a psychológia 
610 2 0 |a smery filozofické 
610 2 0 |a veda 
610 2 0 |a umenie 
610 2 0 |a religionistika 
100 1 |a Višňovský, Emil